000 01682pab a2200181 454500
008 180718b2017 xxu||||| |||| 00| 0 eng d
100 _aChristensen, Johan
245 _aRepresentative bureaucracy and specialist knowledge in the European Commission
260 _c2017
300 _ap.450-467.
520 _aThe article addresses an issue that has received little attention in the literature on representative bureaucracy, namely the relationship between representativeness and specialized expertise in public administration. While representation may strengthen the legitimacy of public bureaucracies, what implications does it have for expert knowledge in these organizations? This issue is examined by looking at the recruitment of civil servants to the European Commission, an international bureaucracy where the question of geographical representation is of fundamental importance. Based on a quantitative analysis of nearly 200 recruitment competitions for the organization from 1958 to 2015, the article finds that competitions related to EU enlargement where nationality was an explicit criterion put significantly less emphasis on specialist qualifications and knowledge than other competitions. This indicates a negative relationship between geographical representation and specialized expertise in recruitment to the European Commission. Implications for broader debates about representative bureaucracy and international public administrations are discussed. - Reproduced.
650 _aEuropean Commission
650 _aCivil service
700 _aVoet, Joris van der
700 _aBekerom, Petra van den
773 _aPublic Administration
909 _a115418
999 _c115412
_d115412